Mastering Financial Mathematics in Microsoft Excel: A practical Guide for Business Calculations (Record no. 3949)
[ view plain ]
| 005 - DATE AND TIME OF LATEST TRANSACTION | |
|---|---|
| control field | 20250613083640.0 |
| 020 ## - INTERNATIONAL STANDARD BOOK NUMBER | |
| International Standard Book Number | 778-1-292-06750-6 |
| 082 ## - DEWEY DECIMAL CLASSIFICATION NUMBER | |
| Classification number | 658.15DAY |
| 100 ## - MAIN ENTRY--PERSONAL NAME | |
| Author name | ALASTAIR L. DAY |
| 245 ## - TITLE STATEMENT | |
| Title | Mastering Financial Mathematics in Microsoft Excel: A practical Guide for Business Calculations |
| 250 ## - EDITION STATEMENT | |
| Edition statement | 3th Ed |
| 260 ## - PUBLICATION, DISTRIBUTION, ETC. | |
| Place of publication, distribution, etc. | USA |
| Name of publisher, distributor, etc. | New York, |
| Date of publication, distribution, etc. | 2005. |
| 300 ## - PHYSICAL DESCRIPTION | |
| Extent | xvi, 367p, ill, table, figure, picture |
| Other physical details | Appendix, Index |
| Dimensions | 24cm |
| 942 ## - ADDED ENTRY ELEMENTS (KOHA) | |
| Source of classification or shelving scheme | Dewey Decimal Classification |
| Koha item type | Books |
| Date last seen | Total checkouts | Full call number | Barcode | Cost, replacement price | Price effective from | Koha item type | Lost status | Source of classification or shelving scheme | Damaged status | Not for loan | Withdrawn status | Home library | Current library | Shelving location | Date acquired | Cost, normal purchase price |
|---|---|---|---|---|---|---|---|---|---|---|---|---|---|---|---|---|
| 06/13/2025 | 658.15DAY | DOM000792 | 51000.00 | 06/13/2025 | Books | Dewey Decimal Classification | CBE Dodoma | CBE Dodoma | General Collection | 04/06/2019 | 17000.00 |
